Представление документа в формате MARC21

Поле Инд. ПП Название Значение
Тип записи a
Библиографический уровень m
001 Контрольный номер RU/IS/BASE/295631169
005 Дата корректировки 20241107173022.1
020 a ISBN 5-9551-0249-3
084 a Индекс другой классификации/Индекс ББК 88.212.33я43; 88.22я43; 81.003я43; 88.251.32я43; 88.212.323я43; 88.212.223.6я43
090 a Полочн. индекс 88.212.33я43
x Авторский знак Р 178
240 10 n N части/ раздела Vol.1
p Название части/ раздела Animal communication and human language. Language origins
245 10 a Заглавие Разумное поведение и язык
n Номер части/ раздела Вып.1
p Название части/ раздела Коммуникативные системы животных и язык человека. Проблема происхождения языка
c Ответственность составители А. Д. Кошелев, Т. В. Черниговская
246 01 a Другая форма заглавия Language and reasoning
260 b Издательство Языки славянской культуры
c Дата издания 2008
a Место издания Москва
300 a Объем 416 с.
b Иллюстрации/ тип воспроизводства ил.
336 a Термин вида содержания Текст
337 a Термин типа средства непосредственный
505 0_ a Форматированное содержание О языке психолингвистики
b Автор Кошелев А. Д.
505 0_ a Форматированное содержание К аргументации полигенеза
b Автор Барулин А. Н.
505 0_ a Форматированное содержание Эволюция языка: демоны, опасности и тщательная оценка
b Автор Бичакджан Б.
505 0_ a Форматированное содержание Переход от до-языка к языку: что можно считать критерием?
b Автор Бурлак С. А.
505 0_ a Форматированное содержание Шепет раньше губ, или Что предшествует эксплозии детского языка
b Автор Зинченко В. П.
505 0_ a Форматированное содержание Возможность диалога между человеком и человекообразной обезьяной: обзор экспериментальных исследований
b Автор Зорина З. А.
505 0_ a Форматированное содержание Об эволюции переработки и передачи информации в сообществах людей и животных
b Автор Иванов В. Вс.
505 0_ a Форматированное содержание О качественном отличии человека от антропоида
b Автор Кошелев А. Д.
505 0_ a Форматированное содержание Орудийная деятельность и коммуникация шимпанзе в природе
b Автор Панов Е. Н.
505 0_ a Форматированное содержание Компоненты языка: что специфично для языка и что специфично для человека?
b Автор Пинкер С.
b Автор Джакендофф Р.
505 0_ a Форматированное содержание Современные подходы к изучению языкового поведения животных
b Автор Резникова Ж. И.
505 0_ a Форматированное содержание Когнитивное развитие довербального ребенка
b Автор Сергиенко Е. А.
505 0_ a Форматированное содержание Новые представления о сигналах и механизмах коммуникации позвоночных (основания знаковой концепции коммуникации)
b Автор Фридман В. С.
505 0_ a Форматированное содержание Что делает нас людьми: почему непременно рекурсивные правила? (взгляд лингвиста и биолога)
b Автор Черниговская Т. В.
521 0_ a Примеч. о целев. назн. лингвисты
a Примеч. о целев. назн. психологи
a Примеч. о целев. назн. биологи
650 04 a Основная рубрика общая психология
a Основная рубрика психология
a Основная рубрика развитие психики (филогенез психики)
a Основная рубрика сравнительная психология
653 0_ a Ключевые слова амслен
a Ключевые слова антропоиды
a Ключевые слова вербальное поведение
a Ключевые слова внутренние формы языка
a Ключевые слова возрастное развитие
a Ключевые слова гетерогенез
a Ключевые слова глоттогенез
a Ключевые слова головной мозг
a Ключевые слова детская речь
a Ключевые слова животные
a Ключевые слова знаковая концепция
a Ключевые слова зоосемиотика
a Ключевые слова йеркиш
a Ключевые слова квантовая теория информации
a Ключевые слова когнитивное развитие
a Ключевые слова коммуникативные системы
a Ключевые слова коммуникации
a Ключевые слова ментальная репрезентация
a Ключевые слова музыка
a Ключевые слова мышление
a Ключевые слова образы
a Ключевые слова орудийная деятельность
a Ключевые слова пение
a Ключевые слова передача информации
a Ключевые слова переработка информации
a Ключевые слова познание
a Ключевые слова полигенез
a Ключевые слова происхождение языка
a Ключевые слова психолингвистика
a Ключевые слова развитие речи
a Ключевые слова разумное поведение
a Ключевые слова символика
a Ключевые слова слова
a Ключевые слова счет
a Ключевые слова теоретико-информационный подход
a Ключевые слова теория детской речи
a Ключевые слова униформизм
a Ключевые слова функциональное развитие
a Ключевые слова человек
a Ключевые слова человекообразные обезьяны
a Ключевые слова числа
a Ключевые слова эволюционный процесс
a Ключевые слова эволюция речи
a Ключевые слова эволюция языка
a Ключевые слова экспериментальные исследования
a Ключевые слова эксплозия
a Ключевые слова язык
700 12 a Автор Кошелев А. Д.
e Роль лиц составитель
u Дополнение к имени Koshelev A. D.
e Роль лиц автор предисловия
700 1_ a Автор Черниговская Т. В.
e Роль лиц составитель
u Дополнение к имени Chernigovkaya T. V.
700 1_ a Автор Барулин А. Н.
700 1_ a Автор Бичакджан Б.
700 1_ a Автор Бурлак С. А.
e Роль лиц переводчик
700 1_ a Автор Зинченко В. П.
700 1_ a Автор Зорина З. А.
700 1_ a Автор Иванов В. Вс.
700 1_ a Автор Панов Е. Н.
700 1_ a Автор Пинкер С.
700 1_ a Автор Джакендофф Р.
700 1_ a Автор Резникова Ж. И.
700 1_ a Автор Сергиенко Е. А.
700 1_ a Автор Фридман В. С.
700 1_ a Автор Черниговская Т. В.
901 t Тип документа m
952 a Тип литературы для КСУ ВШ НАУ